Online
Catalog

Cartas Santander-Bolivar 1820-1822 / (Record no. 7527)

MARC details
000 -CABECERA
campo de control de longitud fija 01820cam a2200325 a 4500
001 - NÚMERO DE CONTROL
campo de control 000007749
005 - FECHA Y HORA DE LA ÚLTIMA TRANSACCIÓN
campo de control 20260305073955.0
008 - DATOS DE LONGITUD FIJA--INFORMACIÓN GENERAL
campo de control de longitud fija 890203s1988 ck b 001 0cspa
020 ## - NÚMERO INTERNACIONAL ESTÁNDAR DEL LIBRO
Número Internacional Estándar del Libro 9586430006 (obra completa)
020 ## - NÚMERO INTERNACIONAL ESTÁNDAR DEL LIBRO
Número Internacional Estándar del Libro 958643009X (rustica)
040 ## - FUENTE DE LA CATALOGACIÓN
Centro catalogador/agencia de origen DO-SdBNP
Lengua de catalogación spa
Centro/agencia transcriptor BNPHU
082 ## - NÚMERO DE LA CLASIFICACIÓN DECIMAL DEWEY
Número de clasificación 923.5861
Número de documento/Ítem sss
100 1# - ENTRADA PRINCIPAL--NOMBRE DE PERSONA
Nombre de persona Santander, Francisco de Paula,
Fechas asociadas al nombre 1792-1840.
9 (RLIN) 18039
245 10 - MENCIÓN DE TÍTULO
Título Cartas Santander-Bolivar 1820-1822 /
Mención de responsabilidad, etc. Francisco de Paula Santander ; prólogo Germán Arciniegas.
260 ## - PUBLICACIÓN, DISTRIBUCIÓN, ETC.
Lugar de publicación, distribución, etc. Bogotá :
Nombre del editor, distribuidor, etc. Biblioteca de la Presidencia de la República, Administración Virgilio Barco,
Fecha de publicación, distribución, etc. 1988.
300 ## - DESCRIPCIÓN FÍSICA
Extensión v. ;
Dimensiones 25 cm.
490 1# - MENCIÓN DE SERIE
Mención de serie Biblioteca de la Presidencia de la República
-- Documentos
-- 3-5,16,44-45
500 ## - NOTA GENERAL
Nota general La biblioteca posee el volumen 1y3
505 0# - NOTA DE CONTENIDO CON FORMATO
Nota de contenido con formato V.1: 1813-1820.-- V.2: 1820.-- V.3: 1820-1822.-- V.4: 1823-1825.-- V.5: 1825-1826.-- V.6: 1826-1830
500 ## - NOTA GENERAL
Nota general Fundación para la Conmemoración del Bicentenario del Natalicio y el Sesquicentenario de la Muerte del General Francisco de Paula Santander
500 ## - NOTA GENERAL
Nota general Fundacion para la Conmemoracion del Bicentenario del Natalicio y el Sesquicentenario de la Muerte del General Francisco de Paula Santander.
600 10 - PUNTO DE ACCESO ADICIONAL DE MATERIA--NOMBRE DE PERSONA
Nombre de persona SANTANDER, FRANCISCO DE PAULA,
Fechas asociadas al nombre 1792-1840
Subdivisión general CORRESPONDENCIA.
9 (RLIN) 21441
600 10 - PUNTO DE ACCESO ADICIONAL DE MATERIA--NOMBRE DE PERSONA
Nombre de persona BOLÍVAR, SIMÒN,
Fechas asociadas al nombre 1783-1830
Subdivisión general CORRESPONDENCIA, MEMORIAS, ETC
9 (RLIN) 21442
651 #4 - PUNTO DE ACCESO ADICIONAL DE MATERIA--NOMBRE GEOGRÁFICO
Nombre geográfico Colombia
Subdivisión general Historia
Subdivisión cronológica GUERRA DE INDEPENDENCIA, 1810-1822.
9 (RLIN) 16211
651 #4 - PUNTO DE ACCESO ADICIONAL DE MATERIA--NOMBRE GEOGRÁFICO
Nombre geográfico Amèrica Del Sur
Subdivisión general Historia
Subdivisión cronológica GUERRA DE INDEPENDENCIA, 1806-1830.
9 (RLIN) 18080
650 #4 - PUNTO DE ACCESO ADICIONAL DE MATERIA--TÉRMINO DE MATERIA
Término de materia o nombre geográfico como elemento de entrada Jefes de estado
Subdivisión geográfica Amèrica Del Sur
Subdivisión general Correspondencia.
9 (RLIN) 21443
700 1# - PUNTO DE ACCESO ADICIONAL--NOMBRE DE PERSONA
Nombre de persona Bolívar, Simón,
Fechas asociadas al nombre 1783-1830
9 (RLIN) 253
710 2# - PUNTO DE ACCESO ADICIONAL--NOMBRE DE ENTIDAD CORPORATIVA
Nombre de entidad corporativa o nombre de jurisdicción como elemento de entrada Fundación Francisco de Paula Santander,
Sede del congreso/Lugar de la reunión Colombia
9 (RLIN) 21444
830 #0 - PUNTO DE ACCESO ADICIONAL DE SERIE-TÍTULO UNIFORME
Título uniforme Biblioteca de la Presidencia de la República
Nombre de parte o sección de la obra Documento
Número de parte o sección de la obra 3-5,16,44-45
9 (RLIN) 21445
Holdings
Estado de retiro Estado de pérdida Restricciones de uso No para préstamo Código de colección Localización permanente Ubicación/localización actual Ubicación en estantería Fecha de adquisición Número de inventario Total de préstamos Signatura topográfica completa Código de barras Fecha visto por última vez Precio válido a partir de Tipo de ítem Koha
    Préstamo interno   Monografías: Libros y Folletos General General Depósito 10.09.2009 LF1   v. 1 7749-10 25.06.2020 25.06.2020 Préstamo interno
      Excluido de préstamo Monografías: Libros y Folletos General General Depósito 26.05.2017 LF1   v. 3 7749-20 25.06.2020 25.06.2020 No se presta
  Extraviado   Excluido de préstamo Monografías: Libros y Folletos General General Extraviado 26.05.2017 LF1   923.5861 sss 7749-30 25.06.2020 25.06.2020 No se presta

Powered by Koha